000
00287nam a2200109Ia 4500
008
200302s9999 xx 000 0 und d
100
_a
Black & Decker
245
_a
The Complete Guide To Dream Kitchens
260
_b
Creative Publishing International Inc
260
_c
2007
300
_a
286 P
999
_c
4900
_d
4900